000 00566nam a2200181 i 4500
001 bg
245 0 _aGeografia ekonomiczna kapitalistycznych krajów Europy :
_bpraca zbiorowa /
_cpod red. Ireny Fierli.
250 _aWyd. 2 zm. i uaktual.
260 _aWarszawa :
_bPańst. Wydaw. Ekonomiczne,
_c1983.
300 _a495, [1] s., [16] k. tabl. :
_bil., mapy, portr., tab., wykr. ;
_c25 cm.
020 _a8320803099
040 _cBPK
041 _apol
080 _a914::33
920 _a83-208-0309-9
942 _cKS
008 s pl f |000 0 pol
999 _c22282
_d22282
856 _uhttp://koha.tu.koszalin.pl/cgi-bin/koha/opac-detail.pl?biblionumber=22282
_yKatalog online BPK